Código de procedimiento civil comentado : (Registro nro. 20444)

Detalles MARC
000 -LEADER
fixed length control field 01365nam a2200301 4500
001 - CONTROL NUMBER
control field 0000017478
003 - CONTROL NUMBER IDENTIFIER
control field CO-CtgCURN
005 - DATE AND TIME OF LATEST TRANSACTION
control field 20250515221052.0
007 - PHYSICAL DESCRIPTION FIXED FIELD--GENERAL INFORMATION
fixed length control field ta
008 - FIXED-LENGTH DATA ELEMENTS--GENERAL INFORMATION
fixed length control field 160627s2000 000 0 eng d
020 ## - INTERNATIONAL STANDARD BOOK NUMBER
International Standard Book Number 9586760243
040 ## - CATALOGING SOURCE
Original cataloging agency CO-CtgCURN
Language of cataloging spa
Transcribing agency coctgcurn
082 0# - DEWEY DECIMAL CLASSIFICATION NUMBER
Classification number 347.05
Item number J28c
100 1# - MAIN ENTRY--PERSONAL NAME
Personal name Jaramillo Castañeda, Armando.
245 10 - TITLE STATEMENT
Title Código de procedimiento civil comentado :
Remainder of title decretos 1400, 2019 y 2282 (6 de agosto y 26 de octubre de 1970, 7 de octubre de 1989) con jurisprudencia de todos los tribunales del pais /
Statement of responsibility, etc. Armando Jaramillo Castañeda.
250 ## - EDITION STATEMENT
Edition statement 3a ed.
260 ## - PUBLICATION, DISTRIBUTION, ETC.
Place of publication, distribution, etc. Bogotá :
Name of publisher, distributor, etc. Ediciones Doctrina y Ley,
Date of publication, distribution, etc. 2000.
300 ## - PHYSICAL DESCRIPTION
Extent xvi, 2031 p.
336 ## - CONTENT TYPE
Source rdacontent
337 ## - MEDIA TYPE
Source rdamedia
Media type term sin mediacion
Media type code n
338 ## - CARRIER TYPE
Source rdacarrier
Carrier type term volumen
Carrier type code nc
505 8# - FORMATTED CONTENTS NOTE
Formatted contents note Organos judiciales y sus auxiliares.--Jurisdicción y competencia.--Comision.--De los deberes, poderes y responsabilidad de los jueces civiles.--Ministerio publico.--Partes, representantes y apoderados.--Actos procesales.--Objeto del proceso.--Terminos
650 14 - SUBJECT ADDED ENTRY--TOPICAL TERM
Topical term or geographic name entry element Código de procedimiento civil.
730 0# - ADDED ENTRY--UNIFORM TITLE
Uniform title Decretos 1400, 2019 y 2282 (6 de agosto y 26 de octubre de 1970, 7 de octubre de 1989.
908 ## - PUT COMMAND PARAMETER (RLIN)
Put command parameter 160627
942 ## - ADDED ENTRY ELEMENTS (KOHA)
Koha item type Libros
Classification part 347.05
Item part J28c
Source of classification or shelving scheme Dewey Decimal Classification
Suppress in OPAC No
Existencias
Withdrawn status Lost status Source of classification or shelving scheme Damaged status Not for loan Collection Home library Current library Shelving location Date acquired Inventory number Total checkouts Full call number Barcode Date last seen Copy number Price effective from Koha item type Public note
    Dewey Decimal Classification     General Miguel Henríquez Castañeda Miguel Henríquez Castañeda General 03/31/2025 005507   347.05 J28c 005507 03/31/2025 ej.1 03/31/2025 Libros 340-DEREC